| 000 | 00488cam a2200193ua 4500 | ||
|---|---|---|---|
| 001 | 10044 | ||
| 008 | 170323n ii |||gr||||Z||||||asm | ||
| 040 | _cMAIN | ||
| 041 | _aasm | ||
| 082 | _a165 | ||
| 100 |
_aGoswami, Kailash, _eAuthor. |
||
| 245 |
_aBibhram aru bibhranti _cBy Kailash Goswami |
||
| 250 | _a1st ed. | ||
| 260 |
_aAssam: _bChildrens literary trust Assam, _c2006. |
||
| 300 | _a37p. | ||
| 653 | _aFallacies & sources of error | ||
| 653 | _aPopular science | ||
| 942 | _cBK | ||
| 999 |
_c9043 _d9043 |
||